Pensamiento y acción social de la Iglesia en España
Saved in:
| Main Author: | |
|---|---|
| Format: | Book |
| Language: | Spanish |
| Published: |
Madrid
Espasa-Calpe
1984
|
| Series: | Espasa Universitaria
|
| Subjects: | |
| Tags: |
Add Tag
No Tags, Be the first to tag this record!
|
MARC
| LEADER | 00000nam a2200000 a 4500 | ||
|---|---|---|---|
| 001 | UCP5984 | ||
| 003 | CL-VaPUC | ||
| 008 | 991008e19840000SP |||||||||||||||||spa|d | ||
| 082 | 0 | 4 | |a 261.83 |b AND |2 21 |
| 100 | 0 | |a Andrés-Gallego, José |e author |9 434715 | |
| 245 | 1 | 0 | |a Pensamiento y acción social de la Iglesia en España |
| 300 | |a 247 p | ||
| 942 | |c BK | ||
| 945 | |d 19991008 00:00:00 |a crobeson | ||
| 260 | |a Madrid |b Espasa-Calpe |c 1984 | ||
| 650 | 0 | |a Iglesia católica y problemas sociales |9 255796 | |
| 650 | 0 | |a Acción social |9 307836 | |
| 650 | 0 | |a Socialismo |9 255260 | |
| 650 | 0 | |a Liberalismo |9 255715 | |
| 650 | 7 | |a COOPERATIVISMO |2 CL-VaPUC |9 311346 | |
| 651 | 0 | |a España |9 254926 | |
| 583 | |a last modification |c 19991008 00:00:00 |k Rodrigo Vera | ||
| 490 | 0 | |a Espasa Universitaria | |
| 999 | |c 283621 |d 283619 | ||
| 952 | |0 0 |1 0 |4 0 |6 261_830000000000000_AND_1984 |7 0 |8 A |9 326909 |a BIBHIS |b BIBHIS |d 2019-11-20 |i 135874K |o 261.83 AND 1984 |p 135874K |r 2025-01-20 |w 2019-11-20 |y BK |k HIS | ||